000 00382nam a2200169 a 4500
001 0000-8928
003 ELIB.Books
008 110520 1945
035 _a(ELIB.Books)0000-9076
082 _aFic
_bLGB
100 _aLGB
245 _aTootle
260 _bRacine: Golden Press
_c1945
650 _aFiction
942 _2ddc
_cBK
998 _cbat
_e2011-05-20
999 _c8928
_d8928